[Event "21st Chicago Open"]
[Site "Wheeling USA"]
[Date "2012.05.27"]
[Round "6"]
[White "Stoumbos, Konstantinos"]
[Black "Gulamali, Kazim"]
[Result "0-1"]
[BlackTitle "FM"]
[WhiteElo "2249"]
[BlackElo "2346"]
[WhiteFideId "4205936"]
[BlackFideId "2024764"]
[EventDate "2012.05.24"]
[EventType "swiss"]

1. e4 c5 2. Nf3 d6 3. d4 cxd4 4. Nxd4 Nf6 5. Nc3 e6 6. g4 h6 7. Bg2 a6 8. Qe2
Qc7 9. f4 Nc6 10. Be3 Be7 11. O-O-O Bd7 12. g5 hxg5 13. fxg5 Nh5 14. g6 fxg6 15.
Qc4 Qc8 16. e5 Nxe5 17. Qb3 Rb8 18. Ne4 Nc4 19. Bg5 Nf6 20. Qg3 Ne5 21. Nxe6
Nxe4 22. Nxg7+ Kf7 23. Bxe4 Bxg5+ 24. Qxg5 Qc5 25. Rhf1+ Kxg7 26. Qf6+ Kg8 27.
Bd5+ Kh7 28. Rf4 Bg4 29. Bf7 Bxd1 30. Kxd1 Qg1+ 31. Kd2 Qxh2+ 32. Kd1 Qh5+ 33.
Kd2 Rhf8 34. Rh4 Nf3+ 35. Qxf3 Qxh4 0-1

[Event "21st Chicago Open"]
[Site "Wheeling USA"]
[Date "2012.05.27"]
[Round "6"]
[White "Abrahamyan, Tatev"]
[Black "Cao, Kevin Y"]
[Result "1-0"]
[WhiteTitle "WGM"]
[WhiteElo "2329"]
[BlackElo "2151"]
[WhiteFideId "13301918"]
[BlackFideId "2036835"]
[EventDate "2012.05.24"]
[EventType "swiss"]

1. e4 e5 2. Nf3 Nc6 3. Bc4 Bc5 4. O-O Nf6 5. Re1 d6 6. d3 O-O 7. c3 a6 8. Bb3
Ba7 9. h3 Ne7 10. Nbd2 Ng6 11. Nf1 h6 12. Ng3 c6 13. d4 Re8 14. Bc2 Qc7 15. Be3
Be6 16. Qd2 Kh7 17. Nf5 Bxf5 18. exf5 Nf8 19. dxe5 Bxe3 20. Qxe3 dxe5 21. Nxe5
N6d7 22. f6+ Ng6 23. f4 gxf6 24. h4 fxe5 25. h5 Qb6 26. hxg6+ fxg6 27. Qxb6 Nxb6
28. fxe5 Re7 29. Rad1 Rae8 30. Rd6 Re6 31. Rf1 Rxd6 32. exd6 Kg7 33. Bb3 Rf8 34.
Re1 Nc8 35. d7 Nb6 36. Re8 Nxd7 37. Re7+ Kf6 38. Rxd7 1-0

[Event "21st Chicago Open"]
[Site "Wheeling USA"]
[Date "2012.05.27"]
[Round "6"]
[White "Williams, John M"]
[Black "Korley, Kassa"]
[Result "1-0"]
[BlackTitle "FM"]
[WhiteElo "2111"]
[BlackElo "2334"]
[WhiteFideId "2046636"]
[BlackFideId "2033801"]
[EventDate "2012.05.24"]
[EventType "swiss"]

1. e4 e6 2. d4 d5 3. Nc3 Nf6 4. Bg5 dxe4 5. Nxe4 Nbd7 6. Nf3 h6 7. Bxf6 Nxf6 8.
Bd3 Be7 9. Qe2 c5 10. O-O-O Qa5 11. Kb1 Bd7 12. Ned2 cxd4 13. Nc4 Qc7 14. Nce5
O-O 15. Nxd4 Nd5 16. g3 Bf6 17. Qe4 Rfd8 18. f4 Bc6 19. Qh7+ Kf8 20. Rhe1 Nxf4
21. Ndxc6 bxc6 22. gxf4 Rab8 23. b3 Rd4 24. Be4 Bxe5 25. fxe5 Rxd1+ 26. Rxd1
Qxe5 27. Rd7 1-0

[Event "21st Chicago Open"]
[Site "Wheeling USA"]
[Date "2012.05.27"]
[Round "7"]
[White "Gelashvili, Tamaz"]
[Black "Mitkov, Nikola"]
[Result "1-0"]
[WhiteTitle "GM"]
[BlackTitle "GM"]
[WhiteElo "2600"]
[BlackElo "2518"]
[WhiteFideId "13600702"]
[BlackFideId "15000290"]
[EventDate "2012.05.24"]
[EventType "swiss"]

1. d4 d5 2. Nf3 Nf6 3. c4 e6 4. g3 Bb4+ 5. Bd2 Be7 6. Bg2 c6 7. O-O dxc4 8. Nc3
Nbd7 9. e4 b5 10. d5 b4 11. dxe6 fxe6 12. e5 bxc3 13. exf6 Bxf6 14. Bxc3 Bxc3
15. bxc3 O-O 16. Nd4 Nb6 17. Nxc6 Qf6 18. Qd6 Bb7 19. Rae1 Rae8 20. Re3 e5 21.
Qc5 Bxc6 22. Bxc6 Rc8 23. Bd5+ Kh8 24. Qa5 Rfe8 25. Bg2 Re7 26. Rfe1 Rce8 27.
Qb5 g6 28. a4 e4 29. Bxe4 Re5 30. Qa6 Nd7 31. Qxa7 Nc5 32. Bxg6 hxg6 33. Rxe5
Rxe5 34. Qb8+ Kh7 35. Qxe5 1-0

[Event "21st Chicago Open"]
[Site "Wheeling USA"]
[Date "2012.05.27"]
[Round "7"]
[White "Amanov, Mesgen"]
[Black "Ramirez, Alejandro"]
[Result "1/2-1/2"]
[WhiteTitle "GM"]
[BlackTitle "GM"]
[WhiteElo "2518"]
[BlackElo "2593"]
[WhiteFideId "14000652"]
[BlackFideId "6500617"]
[EventDate "2012.05.24"]
[EventType "swiss"]

1. d4 g6 2. c4 Bg7 3. Nf3 Nf6 4. g3 c5 5. Bg2 cxd4 6. Nxd4 O-O 7. O-O Nc6 8. Nc3
d6 9. Nxc6 bxc6 10. Bxc6 Rb8 11. Bg2 Qa5 12. Nb5 Bd7 13. Bd2 Qd8 14. Nxa7 Qc7
15. Nb5 Qxc4 16. Na3 Qa6 17. Bc3 Rfc8 18. Qd3 Qa4 19. Qd4 Qa6 20. Qd3 Qa4 21.
Rfc1 Be6 22. Nc2 Bf5 23. Qd1 Bh6 24. Nd4 Qxd1+ 25. Rxd1 Be4 26. Bh3 Rc4 27. f3
Be3+ 28. Kf1 Bb7 29. Nc2 Bc5 30. Rac1 Nd5 31. Bd2 Ba7 32. b3 Rc6 33. Nb4 Nxb4
34. Bxb4 Rxc1 35. Rxc1 Bxf3 36. exf3 Rxb4 37. Rc7 Bc5 38. Rxe7 Kf8 39. Rc7 Rd4
40. Ke2 Rd5 41. Bc8 Re5+ 42. Kf1 Rd5 43. Ke2 Re5+ 44. Kd3 Bg1 45. a4 Re3+ 46.
Kc2 Ke8 47. a5 Kd8 48. Rc6 Re2+ 49. Kc3 Re3+ 50. Kb4 Re5 51. Bb7 Rc5 52. Rxd6+
Kc7 53. Rd1 Bf2 54. Bd5 f6 55. Ka4 Rc2 56. b4 Be3 57. h3 Rd2 58. Rxd2 Bxd2 59.
Bg8 h6 60. Bh7 g5 61. g4 Kd6 62. Be4 Be1 63. Kb5 Kc7 64. Ka4 Kd6 65. Bd3 Bd2 66.
b5 Be1 67. b6 Kc5 68. f4 Bd2 69. f5 Be1 70. Be4 Bd2 71. Bf3 Be1 72. Bg2 Bd2 73.
Bf1 Be1 74. b7 Bg3 75. a6 Bb8 76. Be2 Ba7 77. Ka5 Bb6+ 78. Ka4 Ba7 79. Kb3 Bb8
80. Kc3 Ba7 81. Kd3 Bb8 82. Ke4 Ba7 83. h4 gxh4 84. Kf3 Bb8 85. Kg2 Kb6 86. Bf1
Ka7 87. Kf2 h3 88. Bxh3 Kxa6 89. Bg2 Kb6 90. Bf3 Bf4 91. Be4 Kc7 92. Kf3 Bg5 93.
Bc6 Kb8 94. Ke4 Kc7 95. Kd5 Bh4 96. Ke6 Bg5 97. Ke7 Bh4 1/2-1/2

[Event "21st Chicago Open"]
[Site "Wheeling USA"]
[Date "2012.05.27"]
[Round "7"]
[White "Managadze, Nikoloz"]
[Black "Shabalov, Alexander"]
[Result "1/2-1/2"]
[WhiteTitle "IM"]
[BlackTitle "GM"]
[WhiteElo "2472"]
[BlackElo "2534"]
[WhiteFideId "13600575"]
[BlackFideId "2008572"]
[EventDate "2012.05.24"]
[EventType "swiss"]

1. e4 c5 2. Nf3 d6 3. c3 Nf6 4. Qc2 Qc7 5. Bb5+ Nbd7 6. O-O a6 7. Bxd7+ Bxd7 8.
d3 g6 9. h3 Bg7 10. c4 O-O 11. Nc3 b5 12. Bg5 Qb7 13. b3 Rae8 14. Rae1 Nh5 15.
Nd5 Bc6 16. g4 Nf6 17. Qd2 Bxd5 18. exd5 e5 19. Bxf6 Bxf6 20. g5 Bd8 21. Re4 Qd7
22. Kg2 h6 23. h4 f5 24. gxf6 Qh7 25. Rg4 Rxf6 26. Rh1 Ref8 27. Rh3 Qd7 28. Rhg3
Kh7 29. Re4 Qf7 30. Qe2 Rf5 31. a4 bxa4 32. bxa4 Kh8 33. Rh3 Kg7 34. Rg3 g5 35.
hxg5 Bxg5 36. Qd1 Kh8 37. Reg4 Bf4 38. Rh3 Rg8 39. Rxg8+ Qxg8+ 40. Kh1 Rf7 41.
Nd2 Qg6 1/2-1/2

[Event "21st Chicago Open"]
[Site "Wheeling USA"]
[Date "2012.05.27"]
[Round "7"]
[White "Perelshteyn, Eugene"]
[Black "Gurevich, Dmitry"]
[Result "1-0"]
[WhiteTitle "GM"]
[BlackTitle "GM"]
[WhiteElo "2526"]
[BlackElo "2471"]
[WhiteFideId "2012529"]
[BlackFideId "2000407"]
[EventDate "2012.05.24"]
[EventType "swiss"]

1. e4 c5 2. Nf3 d6 3. d4 cxd4 4. Nxd4 Nf6 5. Nc3 Nc6 6. Bg5 e6 7. Qd2 Be7 8.
O-O-O O-O 9. f3 Nxd4 10. Qxd4 a6 11. h4 b5 12. Qd2 Bb7 13. Bd3 Rc8 14. Ne2 Qc7
15. Nd4 Rfd8 16. Kb1 b4 17. g4 e5 18. Nf5 d5 19. Qe2 a5 20. h5 a4 21. h6 g6 22.
Nxe7+ Qxe7 23. exd5 a3 24. Bc4 Qd6 25. Rhe1 Re8 26. Bxf6 Qxf6 27. Qe4 Re7 28.
Bb3 Qd6 29. Rd4 Rce8 30. Rxb4 Bc8 31. bxa3 f5 32. gxf5 Bxf5 33. Qe3 e4 34. f4 g5
35. fxg5 1-0

[Event "21st Chicago Open"]
[Site "Wheeling USA"]
[Date "2012.05.27"]
[Round "7"]
[White "Ludwig, Daniel"]
[Black "Holt, Conrad"]
[Result "1-0"]
[WhiteTitle "IM"]
[BlackTitle "IM"]
[WhiteElo "2456"]
[BlackElo "2515"]
[WhiteFideId "2024322"]
[BlackFideId "2034387"]
[EventDate "2012.05.24"]
[EventType "swiss"]

1. d4 d5 2. c4 c6 3. Nf3 Nf6 4. e3 Bg4 5. Qb3 Qb6 6. Nc3 e6 7. Nh4 Bh5 8. h3 Na6
9. c5 Qxb3 10. axb3 Nb4 11. Ra4 a5 12. g4 Bg6 13. Nxg6 hxg6 14. f3 Nd7 15. Kf2
b6 16. cxb6 Nxb6 17. Ra1 c5 18. Bb5+ Kd8 19. dxc5 Bxc5 20. Bd2 Ke7 21. Ne2 Kd6
22. f4 Rhb8 23. Rhc1 Nd7 24. Nc3 f5 25. Bf1 Nf6 26. Nb5+ Kd7 27. Kf3 Ne4 28. Be1
Nc6 29. Rc2 Bb4 30. Rac1 Rb6 31. Bxb4 axb4 32. Nd4 Nxd4+ 33. exd4 Ra7 34. Bd3
Nd6 35. Rg1 Ne8 36. gxf5 gxf5 37. Rg6 Rc7 38. Rxc7+ Kxc7 39. Ke3 Kb7 40. Kf3 Ka7
41. Kf2 Kb7 42. Kg3 Kc7 43. Kh4 Kb7 44. Rg1 Kc7 45. Kg5 Kd6 46. Ra1 Rb7 47. Kg6
Ke7 48. h4 Kd6 49. h5 Ke7 50. Re1 Kd7 51. Re2 Rb8 52. Re3 Nf6 53. Re1 Nxh5 54.
Kxh5 Rh8+ 55. Kg6 Rh3 56. Bf1 Rf3 57. Kf7 Rxf4 58. Bb5+ Kc7 59. Kxe6 Kb6 60. Ke5
Rf2 61. Be2 g5 62. Bd3 f4 63. Rg1 Rf3 64. Bf5 Rxb3 65. Rxg5 f3 66. Rg4 Kc6 67.
Rf4 Re3+ 68. Kf6 Kd6 69. Bg4 Re4 70. Kf5 f2 71. Rxf2 Rxd4 72. Rc2 Rc4 73. Rd2
Kc5 74. Bf3 d4 75. Ke4 b3 76. Kd3 Rc1 77. Bd1 Kb4 78. Kxd4 Rc4+ 79. Ke3 Rc1 80.
Rd3 Kc4 81. Bxb3+ Kb4 82. Kd2 Rf1 83. Bd1 Rg1 84. Rd4+ Kc5 85. Kc3 Rg3+ 86. Rd3
Rg4 87. Bxg4 1-0

[Event "21st Chicago Open"]
[Site "Wheeling USA"]
[Date "2012.05.27"]
[Round "7"]
[White "Bartholomew, John"]
[Black "Vibbert, Sean"]
[Result "1-0"]
[WhiteTitle "IM"]
[WhiteElo "2445"]
[BlackElo "2214"]
[WhiteFideId "2019353"]
[BlackFideId "2030292"]
[EventDate "2012.05.24"]
[EventType "swiss"]

1. d4 d5 2. c4 e6 3. Nc3 Nf6 4. cxd5 exd5 5. Bg5 Nbd7 6. e3 c6 7. Bd3 Be7 8. Qc2
O-O 9. Nge2 Re8 10. O-O Nf8 11. f3 Nh5 12. Bxe7 Qxe7 13. e4 Be6 14. e5 g6 15.
Qd2 f5 16. Rac1 Bd7 17. Na4 f4 18. Nc5 Bc8 19. b4 a6 20. a4 Ne6 21. b5 Nxc5 22.
Rxc5 axb5 23. axb5 Bd7 24. Rb1 b6 25. Rxc6 Bxc6 26. bxc6 Qc7 27. Nc3 Ra5 28. Qb2
Rea8 29. Bb5 Qf7 30. Rc1 Kg7 31. Bf1 Ng3 32. hxg3 fxg3 33. Ne2 Ra2 34. Qc3 Rxe2
35. Bxe2 Qf4 36. Kf1 Qh6 37. Ke1 Qh1+ 38. Kd2 Ra2+ 39. Rc2 Ra1 40. c7 Qe1+ 41.
Kd3 Rd1+ 42. Bxd1 Qxd1+ 43. Qd2 Qf1+ 44. Qe2 1-0

[Event "21st Chicago Open"]
[Site "Wheeling USA"]
[Date "2012.05.27"]
[Round "7"]
[White "Sarkar, Justin"]
[Black "Xiong, Jeffrey"]
[Result "1-0"]
[WhiteTitle "IM"]
[BlackTitle "FM"]
[WhiteElo "2411"]
[BlackElo "2180"]
[WhiteFideId "2010011"]
[BlackFideId "2047640"]
[EventDate "2012.05.24"]
[EventType "swiss"]

1. d4 Nf6 2. c4 e6 3. Nc3 Bb4 4. Qc2 O-O 5. a3 Bxc3+ 6. Qxc3 d6 7. Bg5 Nbd7 8.
Nf3 h6 9. Bh4 b6 10. Nd2 Bb7 11. f3 e5 12. e4 a5 13. Bd3 Qe8 14. O-O a4 15. Rfe1
exd4 16. Qxd4 Qe5 17. Bf2 Nc5 18. Qxe5 dxe5 19. Bxc5 bxc5 20. Rad1 Bc6 21. Nb1
Rab8 22. Rd2 Rfd8 23. Nc3 Rd4 24. Red1 Nd7 25. Kf2 Rb3 26. Ke1 Nb6 27. Ne2 Rdxd3
28. Rxd3 Rxb2 29. Rc3 Bb7 30. Rd8+ Kh7 31. Rd2 Rb1+ 32. Kf2 Ba6 33. Rdc2 Rb3 34.
Nc1 Rxc3 35. Rxc3 Bxc4 36. Nd3 Bxd3 37. Rxd3 Kg6 38. Rd8 Kf6 39. Re8 Nc4 40. Ra8
Nxa3 41. Rxa4 Nc2 42. Ra6+ Ke7 43. Rc6 Kd7 44. Rxc5 Nb4 45. Rb5 Nc6 46. h4 Kd6
47. Ke3 Ke6 48. h5 Kd6 49. Rd5+ Ke7 50. Kd2 Ke6 51. Kc3 Nd4 52. Kc4 Ne2 53. g4
Nf4 54. Rd8 Kf6 55. Rd7 Ne6 56. Kd5 g6 57. hxg6 fxg6 58. Rh7 h5 59. gxh5 Nf4+
60. Kc6 gxh5 61. Kxc7 Kg5 62. Kd6 Nd3 63. Ke6 h4 64. Rg7+ Kh6 65. Kf6 Nf4 66.
Rg4 1-0

[Event "21st Chicago Open"]
[Site "Wheeling USA"]
[Date "2012.05.27"]
[Round "7"]
[White "Shetty, Atulya"]
[Black "Abrahamyan, Tatev"]
[Result "1/2-1/2"]
[BlackTitle "WGM"]
[WhiteElo "2219"]
[BlackElo "2329"]
[WhiteFideId "2031213"]
[BlackFideId "13301918"]
[EventDate "2012.05.24"]
[EventType "swiss"]

1. c4 Nf6 2. g3 g6 3. Bg2 Bg7 4. Nc3 O-O 5. e4 d6 6. Nge2 e5 7. O-O Nc6 8. Rb1
a5 9. a3 Nd4 10. b4 axb4 11. axb4 c6 12. d3 Ne8 13. b5 Nc7 14. bxc6 bxc6 15.
Nxd4 exd4 16. Na4 Ra6 17. c5 Nb5 18. Qc2 Be6 19. cxd6 Qxd6 20. f4 Rfa8 21. e5
Qe7 22. Nc5 Ra2 23. Rb2 Nc3 24. Ne4 R2a3 25. Bd2 Bd5 26. Nd6 Bxg2 27. Kxg2 Qe6
28. Nc4 Ra1 29. Rf3 Nb5 30. Bb4 f6 31. exf6 Bxf6 32. Qf2 Nc3 33. Bxc3 dxc3 34.
Re2 Qxe2 35. Qxe2 R8a2 36. Rf2 Rxe2 37. Rxe2 Rd1 38. Rc2 Rxd3 39. Kf2 Rd5 40.
Ke2 Bd4 41. Ne3 Rc5 42. Kd3 Bxe3 43. Kxe3 Kf7 44. Kd4 Rd5+ 45. Ke4 Rd2 1/2-1/2

[Event "21st Chicago Open"]
[Site "Wheeling USA"]
[Date "2012.05.27"]
[Round "7"]
[White "Amanov, Zhanibek"]
[Black "Aliyev, Timur"]
[Result "0-1"]
[WhiteTitle "IM"]
[WhiteElo "2401"]
[BlackElo "2258"]
[WhiteFideId "13700189"]
[BlackFideId "2804956"]
[EventDate "2012.05.24"]
[EventType "swiss"]

1. e4 c5 2. Nf3 Nc6 3. d4 cxd4 4. Nxd4 g6 5. c4 Nf6 6. Nc3 d6 7. Be2 Nxd4 8.
Qxd4 Bg7 9. Be3 O-O 10. Qd2 a5 11. Rd1 Bd7 12. f3 Bc6 13. b3 Nd7 14. O-O Nc5 15.
Rc1 b6 16. Rfe1 Ra7 17. Bf1 Qb8 18. Nb5 Rd7 19. Nd4 Bxd4 20. Qxd4 e5 21. Qb2 f5
22. exf5 gxf5 23. f4 Ne6 24. Qd2 Rf6 25. Re2 Rg6 26. Rf2 Qb7 27. Rc2 Be4 28. Rb2
Qc6 29. b4 a4 30. b5 Qc7 31. Qc1 Rdg7 32. fxe5 dxe5 33. c5 a3 34. Rb3 f4 35.
cxb6 Qb7 0-1

[Event "21st Chicago Open"]
[Site "Wheeling USA"]
[Date "2012.05.27"]
[Round "7"]
[White "Burnett, Ronald"]
[Black "Hendrickson, Nolan R"]
[Result "1-0"]
[WhiteTitle "IM"]
[WhiteElo "2360"]
[BlackElo "2141"]
[WhiteFideId "2002159"]
[BlackFideId "2038188"]
[EventDate "2012.05.24"]
[EventType "swiss"]

1. e4 c5 2. Nf3 d6 3. d4 cxd4 4. Qxd4 Nf6 5. Nc3 Nc6 6. Bb5 Bd7 7. Bxc6 Bxc6 8.
Bg5 e6 9. O-O-O Be7 10. Rhe1 O-O 11. e5 dxe5 12. Nxe5 Qxd4 13. Rxd4 Bxg2 14. Nd7
Bc6 15. Nxf8 Kxf8 16. b4 a5 17. b5 Bb4 18. bxc6 Bxc3 19. cxb7 Re8 20. Bxf6 1-0

[Event "21st Chicago Open"]
[Site "Wheeling USA"]
[Date "2012.05.27"]
[Round "7"]
[White "Rensch, Daniel"]
[Black "Liang, Awonder"]
[Result "1-0"]
[WhiteTitle "IM"]
[BlackTitle "FM"]
[WhiteElo "2396"]
[BlackElo "1890"]
[WhiteFideId "2017202"]
[BlackFideId "2056437"]
[EventDate "2012.05.24"]
[EventType "swiss"]

1. e4 c5 2. Nf3 d6 3. d4 cxd4 4. Nxd4 Nf6 5. Nc3 a6 6. Be3 e5 7. Nb3 Be7 8. f3
Be6 9. Qd2 Nbd7 10. g4 b5 11. O-O-O O-O 12. g5 b4 13. gxf6 bxc3 14. Qxc3 Nxf6
15. Na5 Rc8 16. Nc6 Qd7 17. Nxe7+ Qxe7 18. Qa5 Rc6 19. Rg1 Rfc8 20. Kb1 Qb7 21.
Bd3 Nd7 22. f4 exf4 23. Bxf4 Nc5 24. Bh6 g6 25. Qc3 f5 26. Qf6 Qf7 27. Qxf7+
Kxf7 28. exf5 Bxf5 29. Bxf5 gxf5 30. Rg7+ Kf6 31. Rdg1 R6c7 32. c4 Ne4 33. b3
Ke5 34. Kc2 d5 35. Rxc7 Rxc7 36. Kd3 Nc5+ 37. Ke3 d4+ 38. Kf3 Rd7 39. Rg7 Kf6
40. Rxd7 Nxd7 41. Bf4 Ne5+ 42. Ke2 h5 43. a4 Ng6 44. Bc7 f4 45. Bb6 Kf5 46. Bxd4
Ke4 47. Bf2 f3+ 48. Kd2 Ne5 49. c5 Kd5 50. h3 a5 51. Ke3 Nd7 52. Be1 Nxc5 53.
Bxa5 Nxb3 54. Bb6 Kc6 55. a5 f2 56. Kxf2 Nd2 57. Ke3 Nc4+ 58. Kf4 Nd6 59. Kg5
Nf7+ 60. Kxh5 Ne5 61. Kg5 Kb5 62. Kf5 Nf3 63. Bf2 Kxa5 64. Kf4 Nd2 65. Be1 1-0

[Event "21st Chicago Open"]
[Site "Wheeling USA"]
[Date "2012.05.28"]
[Round "8"]
[White "Amanov, Mesgen"]
[Black "Kacheishvili, Giorgi"]
[Result "1-0"]
[WhiteTitle "GM"]
[BlackTitle "GM"]
[WhiteElo "2518"]
[BlackElo "2598"]
[WhiteFideId "14000652"]
[BlackFideId "13600613"]
[EventDate "2012.05.24"]
[EventType "swiss"]

1. d4 g6 2. c4 Bg7 3. Nf3 d6 4. g3 c5 5. Bg2 Nc6 6. d5 Na5 7. O-O a6 8. Nbd2 b5
9. e4 Nh6 10. Rb1 bxc4 11. Re1 O-O 12. Qc2 e6 13. Nxc4 exd5 14. Bg5 f6 15. Nxa5
Qxa5 16. Bd2 Qxa2 17. Bf1 Rb8 18. Re3 f5 19. Ra3 Rxb2 20. Rxa2 Rxc2 21. Rxc2
fxe4 22. Ng5 Ng4 23. Bf4 h6 24. Bxd6 hxg5 25. Bxf8 Bxf8 26. Rb8 Be6 27. Rxc5 Ne5
28. Rd8 Kf7 29. Rcxd5 Bxd5 30. Rxd5 Ke6 31. Ra5 g4 32. Bxa6 Bh6 33. Bc8+ Kf6 34.
Kg2 1-0

[Event "21st Chicago Open"]
[Site "Wheeling USA"]
[Date "2012.05.28"]
[Round "8"]
[White "Ramirez, Alejandro"]
[Black "Friedel, Joshua E"]
[Result "1/2-1/2"]
[WhiteTitle "GM"]
[BlackTitle "GM"]
[WhiteElo "2593"]
[BlackElo "2499"]
[WhiteFideId "6500617"]
[BlackFideId "2017199"]
[EventDate "2012.05.24"]
[EventType "swiss"]

1. d4 d5 2. c4 e6 3. Nc3 Be7 4. Bf4 Nf6 5. e3 O-O 6. Nf3 b6 7. Qc2 c5 8. dxc5
bxc5 9. Rd1 Nc6 10. Be2 Qa5 11. O-O Ba6 12. cxd5 Nb4 13. Qb3 Nfxd5 14. Bxa6 Qxa6
15. Nxd5 Nxd5 16. Ne5 1/2-1/2

[Event "21st Chicago Open"]
[Site "Wheeling USA"]
[Date "2012.05.28"]
[Round "8"]
[White "Perelshteyn, Eugene"]
[Black "Kekelidze, Mikheil"]
[Result "1/2-1/2"]
[WhiteTitle "GM"]
[BlackTitle "GM"]
[WhiteElo "2526"]
[BlackElo "2494"]
[WhiteFideId "2012529"]
[BlackFideId "13600818"]
[EventDate "2012.05.24"]
[EventType "swiss"]

1. e4 c5 2. Nf3 e6 3. d4 cxd4 4. Nxd4 a6 5. Nc3 Qc7 6. g3 Bb4 7. Bd2 Nc6 8. Nb3
Nf6 9. Bg2 Be7 10. O-O O-O 11. f4 Rd8 12. Qe2 d5 13. e5 Nd7 14. Be3 Nb6 15. Bxb6
Qxb6+ 16. Kh1 Qc7 17. Qf2 Bd7 18. Ne2 a5 19. a4 Ra6 20. c3 Rb6 21. Ned4 Nxd4 22.
Nxd4 Bc5 23. Rfd1 Be8 24. Qe2 Rc8 25. Nb5 Qb8 26. b3 Ra6 27. c4 dxc4 28. bxc4
Be7 29. h4 Bc6 30. Rac1 Rd8 31. c5 Rxd1+ 32. Qxd1 Ra8 33. Nd6 Qc7 34. Qc2 Rd8
35. Rb1 Rd7 36. Nxb7 f6 37. Nd6 fxe5 38. fxe5 Bxg2+ 39. Qxg2 Qxc5 40. Rb8+ Rd8
41. Rxd8+ Bxd8 42. Qf1 Qc6+ 43. Kh2 Qc2+ 44. Kh3 Qg6 45. Qc4 h5 46. Qc8 1/2-1/2

[Event "21st Chicago Open"]
[Site "Wheeling USA"]
[Date "2012.05.28"]
[Round "8"]
[White "Ivanisevic, Ivan"]
[Black "Ludwig, Daniel"]
[Result "1/2-1/2"]
[WhiteTitle "GM"]
[BlackTitle "IM"]
[WhiteElo "2655"]
[BlackElo "2456"]
[WhiteFideId "912417"]
[BlackFideId "2024322"]
[EventDate "2012.05.24"]
[EventType "swiss"]

1. d4 Nf6 2. Bg5 e6 3. Nd2 c5 4. e4 cxd4 5. e5 Qa5 6. Nf3 Ne4 7. Bf4 Nc6 8. Bd3
Nxd2 9. Bxd2 Bb4 10. a3 Bxd2+ 11. Qxd2 Qxd2+ 12. Kxd2 f6 13. Rae1 fxe5 14. Nxe5
O-O 15. Rhf1 d6 16. Nc4 Rd8 17. b4 b5 18. Na5 Nxa5 19. bxa5 a6 20. f4 Kf7 21. g3
Bb7 22. Rb1 Bd5 23. Rb4 Rac8 24. Rxd4 Rc5 25. Re1 Bc4 26. Be4 Rd7 27. Bf3 g6 28.
Re3 Ke7 29. Bg4 Rdc7 30. c3 R7c6 31. h4 Bd5 32. Bd1 Kf6 33. g4 Rc4 34. Be2 Rxd4+
35. cxd4 Rc7 36. Bd3 Rf7 37. Rg3 Kg7 38. f5 e5 39. dxe5 dxe5 40. fxg6 hxg6 41.
Re3 Re7 42. g5 Kf7 43. Re1 Re6 44. Rc1 e4 45. Rc7+ Kf8 46. Be2 e3+ 47. Ke1 Bc4
48. Bxc4 bxc4 49. Rxc4 Re5 50. Rc6 Re4 51. Rxg6 Rxh4 52. Rxa6 Ra4 53. Ra7 Rxa3
54. a6 Ra2 55. Ra8+ Kg7 56. a7 Kh7 57. Kf1 Rf2+ 58. Ke1 Ra2 59. Kd1 Rd2+ 60. Kc1
Ra2 61. Kb1 Ra5 62. Kc2 Ra2+ 63. Kd1 Rd2+ 64. Ke1 Ra2 65. g6+ Kg7 66. Kd1 Rd2+ 1/2-1/2

[Event "21st Chicago Open"]
[Site "Wheeling USA"]
[Date "2012.05.28"]
[Round "8"]
[White "Shabalov, Alexander"]
[Black "Bartholomew, John"]
[Result "1/2-1/2"]
[WhiteTitle "GM"]
[BlackTitle "IM"]
[WhiteElo "2534"]
[BlackElo "2445"]
[WhiteFideId "2008572"]
[BlackFideId "2019353"]
[EventDate "2012.05.24"]
[EventType "swiss"]

1. c4 e5 2. Nc3 Nf6 3. Nf3 Nc6 4. a3 d5 5. cxd5 Nxd5 6. Qc2 Be6 7. e3 a6 8. b4
Nxc3 9. dxc3 Be7 10. Bb2 O-O 11. c4 Bf6 12. Bd3 g6 13. Be4 Re8 14. O-O Qe7 15.
Rac1 Bd7 16. Rfd1 Nd8 17. Nd2 Bg7 18. Nb3 Ba4 19. Rd2 a5 20. Qc3 axb4 21. axb4
Bc6 22. Bd5 b6 23. h3 Ra4 24. b5 Ba8 25. Qc2 Ra2 26. Rcd1 Ne6 27. Qb1 Ra4 28.
Bc3 Bxd5 29. cxd5 Nc5 30. Nxc5 Qxc5 31. Rc1 Rc4 32. Qb3 Ra8 33. Rdc2 Qxd5 34.
Bb2 Rc5 35. Qxd5 Rxd5 36. Rxc7 Ra2 37. Bc3 Bf8 38. Rc8 Rxb5 39. Rd1 Kg7 40. Re8
Bb4 41. Bxe5+ Kh6 42. Rd7 Rd2 43. Bd4 Bc3 44. Rxf7 Bxd4 45. exd4 Rf5 46. Rxf5
gxf5 47. Re5 Kg6 48. Rd5 b5 49. Rxb5 Rxd4 50. Kh2 Rd3 51. f3 Rd2 52. Rb4 Rc2 53.
Kg3 Rd2 54. Rb6+ Kg7 55. h4 Rc2 56. h5 Rc4 57. Kh3 Ra4 58. Rb5 Kf6 59. Rb7 h6
60. Rh7 Kg5 61. Rg7+ Kxh5 62. g4+ fxg4+ 63. fxg4+ Rxg4 64. Rxg4 1/2-1/2

[Event "21st Chicago Open"]
[Site "Wheeling USA"]
[Date "2012.05.28"]
[Round "8"]
[White "Sargissian, Gabriel"]
[Black "Gelashvili, Tamaz"]
[Result "1-0"]
[WhiteTitle "GM"]
[BlackTitle "GM"]
[WhiteElo "2679"]
[BlackElo "2600"]
[WhiteFideId "13300881"]
[BlackFideId "13600702"]
[EventDate "2012.05.24"]
[EventType "swiss"]

1. d4 Nf6 2. Nf3 e6 3. c4 d5 4. Nc3 Bb4 5. cxd5 exd5 6. Bg5 h6 7. Bh4 c5 8. e3
O-O 9. Bd3 c4 10. Bc2 Nbd7 11. O-O Qa5 12. Ne2 Re8 13. b3 Ba3 14. Bf5 b5 15. Qc2
Bb7 16. Rab1 a6 17. Bg3 Nf8 18. Ne5 g6 19. Bh3 Qd8 20. f3 Qe7 21. Bh4 N8h7 22.
g4 Ng5 23. Bg2 Nd7 24. f4 Nxe5 25. fxe5 Nh3+ 26. Bxh3 Qxh4 27. Nf4 Bf8 28. Kh1
Bg7 29. Bg2 cxb3 30. Qxb3 Qxg4 31. Nxd5 Qd7 32. e4 Rad8 33. Rf4 Rf8 34. Rbf1 Bc6
35. Nf6+ Bxf6 36. Rxf6 Kg7 37. d5 Bb7 38. e6 fxe6 39. Qc3 e5 40. Qxe5 Rxf6 41.
Rxf6 Kh7 42. Re6 1-0

[Event "21st Chicago Open"]
[Site "Wheeling USA"]
[Date "2012.05.28"]
[Round "8"]
[White "Perunovic, Milos"]
[Black "Mikhalevski, Victor"]
[Result "1/2-1/2"]
[WhiteTitle "GM"]
[BlackTitle "GM"]
[WhiteElo "2577"]
[BlackElo "2519"]
[WhiteFideId "921629"]
[BlackFideId "2801914"]
[EventDate "2012.05.24"]
[EventType "swiss"]

1. e4 e5 2. Nf3 Nc6 3. Nc3 Nf6 4. Bb5 Bb4 5. O-O O-O 6. d3 d6 7. Bg5 Bxc3 8.
bxc3 Qe7 9. Re1 Nd8 10. d4 Ne6 11. Bd2 c5 12. Bd3 Nd7 13. Rb1 Qf6 14. d5 Nf4 15.
Bf1 Nb6 16. c4 h6 17. Rb3 Kh8 18. Kh1 Ng6 1/2-1/2